| 000 | 00629nam a2200193 a 4500 | ||
|---|---|---|---|
| 020 | _a1857530152 | ||
| 082 | 0 | 0 |
_a355.0335567 _bRIC _cL-30, P-70 |
| 100 | 1 |
_aRice, M. A. _946762 |
|
| 245 | 0 | 0 |
_aCommand and control : _bsupport systems in the Gulf War _cM.A. Rice & A.J. Sammes. |
| 250 | _a1st ed. | ||
| 260 |
_aLondon ; _aNew York : _bBrassey's, _c1994. |
||
| 300 |
_a139 p. : _bill. ; _c25 cm. |
||
| 526 |
_a0 _b0 _c0 _d355_033556700000000_RIC |
||
| 650 | 0 |
_aCommand and control systems _zGreat Britain. _946763 |
|
| 650 | 0 |
_aMCE _9379 |
|
| 650 | 0 |
_aPersian Gulf War, 1991. _9432 |
|
| 700 | 1 |
_aSammes, A. J. _946764 |
|
| 942 |
_2ddc _cBK |
||
| 999 |
_c549997 _d549997 |
||